Statistics for Taylor Swift 80

Click here to take the quiz!

General Stats

  • This quiz has been taken 9 times
    (6 since last reset)
  • The average score is 290 of 381

Answer Stats

Answer% Correct
a
80%
about
80%
ah
80%
and
80%
are
80%
back
80%
been
80%
but
80%
can't
80%
'cause
80%
classic
80%
come
80%
daydream
80%
Dean
80%
down
80%
even
80%
every
80%
eye
80%
eyes
80%
from
80%
girl
80%
go
80%
goes
80%
got
80%
hair
80%
have
80%
he
80%
he's
80%
his
80%
home
80%
I
80%
in
80%
is
80%
it
80%
it's
80%
James
80%
just
80%
know
80%
like
80%
lip
80%
little
80%
long
80%
look
80%
me
80%
midnight
80%
never
80%
no
80%
of
80%
off
80%
oh
80%
on
80%
other
80%
out
80%
red
80%
'round
80%
said
80%
say
80%
says
80%
so
80%
some
80%
stop
80%
style
80%
take
80%
that
80%
the
80%
there
80%
thing
80%
thinking
80%
time
80%
times
80%
to
80%
too
80%
true
80%
t-shirt
80%
up
80%
we
80%
what
80%
when
80%
where
80%
white
80%
with
80%
you
80%
your
80%
you've
80%
'bout
60%
crashing
60%
drive
60%
each
60%
end
60%
exactly
60%
faith
60%
few
60%
good
60%
headlights
60%
heard
60%
into
60%
I've
60%
keep
60%
leads
60%
leave
60%
lights
60%
pick
60%
road
60%
should
60%
since
60%
skirt
60%
slicked
60%
takes
60%
taking
60%
tell
60%
tight
60%
us
60%
watch
60%
while
60%
whoa
60%
wild
60%
yeah
60%
burning
40%
coat
40%
could
40%
fade
40%
paradise
40%
view
40%
flames
20%
or
20%
mmm
0%

Score Distribution

Percentile by Number Answered

Percent of People with Each Score

Your Score History

You have not taken this quiz since the last reset